000 00597nmm a2200169Ia 4500
008 251105s9999||||xx |||||||||||||||||und||
020 _a9786071619549
041 _aspa
100 _aÁlvarez, Luis H.
245 0 _aLa política: júbilo y esperanza :
_b Correspondencia entre Manuel Gómez Morin y Luis H. Álvarez, 1956-1970
264 _a[México D.C., Mexico] :
_bFondo de Cultura Económica,
_c2014
300 _a341 páginas
490 _aVida y Pensamiento de México
650 _aPolitical Science (General)
856 _uhttps://public.digitaliapublishing.com/a/43598
942 _cCF
999 _c75510
_d75510